| 000 | 00491pab a2200181 454500 | ||
|---|---|---|---|
| 008 | 180718b2011 xxu||||| |||| 00| 0 eng d | ||
| 100 | _aBaker, Ron | ||
| 245 | _aNet debt in the Canadian public accounts: Its emergence, evolution and entrenchment | ||
| 260 | _c2011 | ||
| 300 | _ap.359-375. | ||
| 362 | _aSep | ||
| 650 | _aPublic finance - Canada | ||
| 650 | _aPublic finance | ||
| 700 | _aRennie, Morina | ||
| 773 | _aCanadian Public Administration | ||
| 908 | _aN | ||
| 909 | _a93419 | ||
| 999 |
_c93419 _d93419 |
||